<?xml version="1.0" encoding="UTF-8"?>
<record
    xmlns:xsi="http://www.w3.org/2001/XMLSchema-instance"
    xsi:schemaLocation="http://www.loc.gov/MARC21/slim http://www.loc.gov/standards/marcxml/schema/MARC21slim.xsd"
    xmlns="http://www.loc.gov/MARC21/slim">

  <leader>02637nam a2200277uu 4500</leader>
  <controlfield tag="001">1216418</controlfield>
  <controlfield tag="005">20260508070241.0</controlfield>
  <controlfield tag="008">100914s2010                        spa  </controlfield>
  <datafield tag="020" ind1=" " ind2=" ">
    <subfield code="a">9789588351858</subfield>
  </datafield>
  <datafield tag="035" ind1=" " ind2=" ">
    <subfield code="a">1216418</subfield>
  </datafield>
  <datafield tag="035" ind1=" " ind2=" ">
    <subfield code="a">(OCoLC)704458690</subfield>
  </datafield>
  <datafield tag="040" ind1=" " ind2=" ">
    <subfield code="c">comduadb</subfield>
  </datafield>
  <datafield tag="041" ind1=" " ind2=" ">
    <subfield code="a">spa</subfield>
  </datafield>
  <datafield tag="082" ind1=" " ind2="4">
    <subfield code="a">745</subfield>
  </datafield>
  <datafield tag="100" ind1="1" ind2="0">
    <subfield code="a">Dom&#xED;nguez Rend&#xF3;n, Ra&#xFA;l Alberto</subfield>
    <subfield code="4">aut</subfield>
    <subfield code="e">aut</subfield>
    <subfield code="9">547232</subfield>
  </datafield>
  <datafield tag="245" ind1="1" ind2="3">
    <subfield code="a">El dise&#xF1;o industrial en la sociedad de consumo : su rol en la configuracion funcional y en la representacion estetica de los artefactos</subfield>
  </datafield>
  <datafield tag="260" ind1=" " ind2=" ">
    <subfield code="a">Medell&#xED;n :</subfield>
    <subfield code="b">Instituto Tecnol&#xF3;gico Metropolitano,</subfield>
    <subfield code="c">2010.</subfield>
  </datafield>
  <datafield tag="300" ind1=" " ind2=" ">
    <subfield code="a">702 p. : il. col.</subfield>
  </datafield>
  <datafield tag="490" ind1="0" ind2=" ">
    <subfield code="a">Coleccion Ciencia, Tecnologia y Sociedad</subfield>
  </datafield>
  <datafield tag="520" ind1="3" ind2=" ">
    <subfield code="a">Este libro recoge la tesis doctoral con la que el autor obtuvo su doctorado en Estudios de Ciencia y Tecnolog&#xED;a (Universidad del Pa&#xED;s Vasco), con distinci&#xF3;n Sobresaliente Cum Laude. El objetivo general de la obra es comprender, sistem&#xE1;ticamente, las interrelaciones que, desde la modernidad inaugurada por la Revoluci&#xF3;n Industrial, se han dado entre est&#xE9;tica y tecnolog&#xED;a, espec&#xED;ficamente en el contexto del dise&#xF1;o industrial de objetos y artefactos t&#xE9;cnicos para su consumo en la sociedad actual.  El texto se mueve prioritariamente en tres ejes o campos de an&#xE1;lisis que estructuran las tres partes en que se divide: Historia (una contextualizaci&#xF3;n hist&#xF3;rica del dise&#xF1;o industrial como nueva techn&#xE9;), Ontolog&#xED;a (una reivindicaci&#xF3;n ontol&#xF3;gica no esencialista de los artefactos) y Semi&#xF3;tica (una revaloraci&#xF3;n semi&#xF3;tica y est&#xE9;tica de los objetos en la interacci&#xF3;n con sus usuarios).  A lo largo del trabajo se logra verificar la hip&#xF3;tesis general de que el dise&#xF1;o industrial de objetos y artefactos es el principal factor, en t&#xE9;rminos de su capacidad constructiva para satisfacer necesidades funcionales y de su poder semi&#xF3;tico para crear lenguajes est&#xE9;ticos, por el que se han construido las representaciones y valoraciones que dan forma, identifican y sostienen el consumo en la sociedad actual. De manera sucinta se pudo concluir que: i) el dise&#xF1;o industrial concebido como nueva techn&#xE9;, conquista una historia aut&#xF3;noma; ii) en una ontolog&#xED;a contextual y multidireccional, los artefactos no tienen esencia sino historia; iii) m&#xE1;s all&#xE1; de los valores estrictamente instrumentales, los artefactos t&#xE9;cnicos tienen tambi&#xE9;n funciones est&#xE9;ticas.</subfield>
  </datafield>
  <datafield tag="650" ind1=" " ind2=" ">
    <subfield code="a">Dise&#xF1;o industrial - Sociedad de consumo</subfield>
    <subfield code="9">89697</subfield>
  </datafield>
  <datafield tag="650" ind1=" " ind2=" ">
    <subfield code="a">Dise&#xF1;o industrial - Estetica</subfield>
    <subfield code="9">44041</subfield>
  </datafield>
  <datafield tag="650" ind1=" " ind2=" ">
    <subfield code="a">Dise&#xF1;o orientado a objetos</subfield>
    <subfield code="9">33071</subfield>
  </datafield>
  <datafield tag="650" ind1=" " ind2=" ">
    <subfield code="a">Simbolismo en la comunicacion</subfield>
    <subfield code="9">44207</subfield>
  </datafield>
  <datafield tag="942" ind1=" " ind2=" ">
    <subfield code="c">BOOK</subfield>
  </datafield>
  <datafield tag="999" ind1=" " ind2=" ">
    <subfield code="c">561639</subfield>
    <subfield code="d">561639</subfield>
  </datafield>
  <datafield tag="952" ind1=" " ind2=" ">
    <subfield code="0">0</subfield>
    <subfield code="1">0</subfield>
    <subfield code="4">0</subfield>
    <subfield code="7">0</subfield>
    <subfield code="8">GEN</subfield>
    <subfield code="a">BC</subfield>
    <subfield code="b">BC</subfield>
    <subfield code="d">2010-09-14</subfield>
    <subfield code="e">Material adquirido por donaci&#xF3;n</subfield>
    <subfield code="i">C1098304</subfield>
    <subfield code="l">1</subfield>
    <subfield code="o">745.2 D671</subfield>
    <subfield code="p">0750688</subfield>
    <subfield code="r">2025-05-17 09:47:25</subfield>
    <subfield code="s">2025-03-26</subfield>
    <subfield code="t">1</subfield>
    <subfield code="w">2023-04-30</subfield>
    <subfield code="y">BOOK</subfield>
  </datafield>
  <datafield tag="952" ind1=" " ind2=" ">
    <subfield code="0">0</subfield>
    <subfield code="1">0</subfield>
    <subfield code="4">0</subfield>
    <subfield code="7">0</subfield>
    <subfield code="8">GEN</subfield>
    <subfield code="a">BC</subfield>
    <subfield code="b">BC</subfield>
    <subfield code="d">2013-05-29</subfield>
    <subfield code="e">Material adquirido por canje</subfield>
    <subfield code="g">67000.00</subfield>
    <subfield code="i">C1177178</subfield>
    <subfield code="l">0</subfield>
    <subfield code="o">745.2 D671 e2</subfield>
    <subfield code="p">0976642</subfield>
    <subfield code="r">2023-04-30 00:00:00</subfield>
    <subfield code="t">1</subfield>
    <subfield code="w">2023-04-30</subfield>
    <subfield code="y">BOOK</subfield>
  </datafield>
</record>
